| 000 | 01036pam a2200253 a 4500 | ||
|---|---|---|---|
| 003 | OSt | ||
| 005 | 20260130151640.0 | ||
| 008 | 891116s1990 enk b 001 0 eng | ||
| 020 | _a0471924547 : | ||
| 020 | _a9780471924548 | ||
| 040 |
_aKABLIB _cKABLIB _beng. _erda |
||
| 082 | 0 | 0 |
_a658.51 _223 _bNEW |
| 245 | 0 | 0 |
_aNew technology and manufacturing management : _bstrategic choices for flexible production systems / _cedited by Malcolm Warner, Werner Wobbe, and Peter Brödner. |
| 260 |
_aChichester, West Sussex, UK ; _aNew York : _bJ. Wiley in association with the Commission of the European Communities, _c1990. |
||
| 300 |
_axvi, 267 p. ; _c24 cm. |
||
| 440 | 0 |
_aNew technologies and work _914935 |
|
| 504 | _aIncludes bibliographical references and index. | ||
| 650 | 0 |
_aManufactures _xTechnological innovations _xManagement. _914936 |
|
| 650 | 0 |
_aFlexible manufacturing systems _xManagement. _914937 |
|
| 700 | 1 |
_aWarner, Malcolm. _914938 |
|
| 700 | 1 |
_aWobbe, Werner. _914939 |
|
| 700 | 1 |
_aBrödner, Peter. _914940 |
|
| 942 |
_2ddc _cBOOK |
||
| 999 |
_c5921 _d5921 |
||